|
|
|
|
| LEADER |
00000nas a2200000 a 4500 |
| 001 |
ssj0025106 |
| 003 |
WaSeSS |
| 005 |
20200512172242.0 |
| 006 |
m d |
| 007 |
cr n |
| 008 |
020524c20039999inufr p s 0 a0eng c |
| 010 |
|
|
|a 2002214222
|
| 022 |
|
|
|a 1540-1669
|
| 035 |
|
|
|a (WaSeSS)ssj0025106
|
| 037 |
|
|
|b Cunningham Memorial Library, Indiana State University, Terre Haute, IN 47809
|c free
|
| 040 |
|
|
|a NSD
|b eng
|c NSD
|d OCLCQ
|d ORU
|d OCLCQ
|d OCLCO
|d OCLCQ
|d OCLCA
|d OCLCQ
|d OCLCA
|d DLC
|d OCLCF
|d OCLCO
|d OCLCQ
|d WT2
|d OCLCQ
|d AU@
|d OCLCQ
|d WaSeSS
|
| 042 |
|
|
|a pcc
|a nsdp
|
| 050 |
0 |
0 |
|a HF1021
|
| 082 |
0 |
0 |
|a 338.6042
|2 23
|
| 210 |
0 |
|
|a Ind. geogr.
|
| 222 |
|
4 |
|a The industrial geographer
|
| 245 |
0 |
4 |
|a The industrial geographer
|h [electronic resource].
|
| 246 |
1 |
|
|i Title from masthead:
|a IG
|
| 260 |
|
|
|a Terre Haute, IN :
|b GGA, Indiana State University,
|c ©2003-
|
| 310 |
|
|
|a Semiannual
|
| 362 |
0 |
|
|a Vol. 1, issue 1 (fall 2003)-
|
| 500 |
|
|
|a Title from PDF cover (publisher's Web site, viewed Feb. 3, 2003).
|
| 506 |
|
|
|a License restrictions may limit access.
|
| 550 |
|
|
|a Issued collaborativly by: ISU Cunningham Memorial Library, and: Dept. of Geography, Geology and Anthropology.
|
| 588 |
1 |
|
|a Vol. 9, Issue 1 (spring 2012) (igeographer.lib.indstate.edu, viewed Sept. 19, 2013).
|
| 650 |
|
0 |
|a Economic geography
|v Periodicals.
|
| 650 |
|
0 |
|a Industrial location
|v Periodicals.
|
| 650 |
|
7 |
|a Economic geography.
|2 fast
|0 (OCoLC)fst00901962
|
| 650 |
|
7 |
|a Industrial location.
|2 fast
|0 (OCoLC)fst00971222
|
| 655 |
|
0 |
|a Electronic journals.
|
| 710 |
2 |
|
|a Indiana State University.
|b Department of Geography, Geology, and Anthropology.
|
| 710 |
2 |
|
|a Cunningham Memorial Library.
|
| 856 |
4 |
0 |
|z Full text available from Research Library: 10/01/2003 to 04/30/2006
|u https://search.proquest.com/publication/42696
|